| 000 | 00538cam a2200193u 4500 | ||
|---|---|---|---|
| 001 | 9717686 | ||
| 003 | ARRUPE | ||
| 005 | 20140611120039.0 | ||
| 008 | 820115s1939 nyu 000 0 eng | ||
| 010 | _a 39023873 | ||
| 040 |
_aDLC _cCarP _dDLC |
||
| 050 | 0 | 0 |
_aPZ3.G8319 _bCo _aPR6013.R44 |
| 100 | 1 |
_aGreene, Graham, _910811 |
|
| 245 | 1 | 4 | _aThe confidential agent, |
| 260 |
_aEngland, _bPenguin Books, _c1963. |
||
| 300 |
_a4 p. _bl., 3-302 p. _c20 cm. |
||
| 906 |
_a0 _bcbc _cpremunv _du _encip _f19 _gy-gencatlg |
||
| 942 |
_2lcc _cMONOGRAPH |
||
| 999 |
_c120697 _d120697 |
||